000 00329nam a2200145 i 4500
001 bg
100 1 _aBAKO, Zbigniew
245 0 _aWojna ekonomiczna /
_cZ. Bako.
260 _aWarszawa,
_c1983.
040 _cBPK
041 _apol
080 _a327.54:339.98(100)"19"
942 _cKS
008 s pl f |000 0 pol
999 _c1907
_d1907
856 _uhttp://koha.tu.koszalin.pl/cgi-bin/koha/opac-detail.pl?biblionumber=1907
_yKatalog online BPK